[Event "Euskadi-ch"]
[Site "Zornotza"]
[Date "2015.04.11"]
[Round "6"]
[White "Sanchez Ruesga, Hector"]
[Black "Prieto Aranguren, Alain"]
[Result "0-1"]
[WhiteElo "2099"]
[BlackElo "2181"]
[PlyCount "74"]
[EventDate "2015.04.06"]
[EventType "swiss"]
[EventRounds "7"]
[EventCountry "ESP"]
[SourceTitle "EXT 2018"]
[Source "ChessBase"]
[SourceDate "2017.10.13"]
[SourceVersion "1"]
[SourceVersionDate "2017.10.13"]
[SourceQuality "1"]

1. d4 Nf6 2. c4 g6 3. g3 Bg7 4. Nc3 0-0 5. Bg2 d6 6. Nf3 Nbd7 7. 0-0 e5 8. e4 c6 9. b3 Qb6 10. Re1 exd4 11. Nxd4 Ng4 12. Nce2 Nge5 13. h3 Nc5 14. Be3 Re8 15. Rb1 a5 16. Rf1 Qc7 17. Qc2 Qe7 18. Nc3 a4 19. f4 axb3 20. axb3 Ned7 21. Bf2 Ne6 22. Rbd1 Ndc5 23. Rfe1 Qc7 24. b4 Nxd4 25. Bxd4 Bxd4+ 26. Rxd4 Ne6 27. Rd3 Qb6+ 28. Qf2 Qxb4 29. Red1 Qxc4 30. Qb2 b5 31. f5 Ng7 32. fxg6 hxg6 33. Rxd6 b4 34. Ne2 Ra2 35. R6d4 Qxe2 36. Qxe2 Rxe2 37. Rxb4 c5 0-1

[Event "Euskadi-chT (Vasca) Div 1st"]
[Site "Bergara"]
[Date "2015.01.17"]
[Round "2.5"]
[White "Sanchez Ruesga, Hector"]
[Black "Trigo Urquijo, Sergio"]
[Result "0-1"]
[WhiteElo "2096"]
[BlackElo "2310"]
[PlyCount "113"]
[EventDate "2015.01.10"]
[EventType "team-tourn"]
[EventRounds "9"]
[EventCountry "ESP"]
[SourceTitle "EXT 2024"]
[Source "ChessBase"]
[SourceDate "2023.10.10"]
[SourceVersion "1"]
[SourceVersionDate "2023.10.10"]
[SourceQuality "1"]

1. d4 Nf6 2. c4 d6 3. g3 g6 4. Bg2 Bg7 5. Nc3 0-0 6. Nf3 Nbd7 7. 0-0 e5 8. e4 h6 9. h3 Nh7 10. dxe5 dxe5 11. b3 c6 12. Qd3 Nc5 13. Qe3 Ne6 14. Rd1 Nd4 15. Ba3 Re8 16. Bc5 Nxf3+ 17. Bxf3 Qf6 18. Bg2 b6 19. Ba3 Ng5 20. Kh2 Ne6 21. Rd3 Nd4 22. Qd2 Be6 23. Rd1 h5 24. Bb2 Rad8 25. Ne2 c5 26. Nc3 Rd7 27. Nd5 Qd8 28. Bxd4 exd4 29. Re1 h4 30. Nf4 hxg3+ 31. fxg3 Be5 32. Qe2 Rd6 33. Nxe6 Rexe6 34. Qg4 Rf6 35. Rf1 Rxf1 36. Bxf1 Rf6 37. Rf3 Rxf3 38. Qxf3 Qg5 39. Bd3 Kg7 40. Kg2 Qc1 41. h4 Kf8 42. Kh2 Qe1 43. Kg2 Ke7 44. Qf2 Qa1 45. Kh2 f6 46. Kg2 Kd6 47. Qc2 Kc7 48. Qb1 Qc3 49. Qc2 Qe1 50. Qf2 Qa1 51. Qc2 Kb7 52. Kf3 Qh1+ 53. Qg2 Qc1 54. Qe2 Ka6 55. Kg2 Ka5 56. Bc2 Kb4 57. a4 0-1

[Event "Donostia Spring op 09th"]
[Site "Donostia"]
[Date "2013.04.19"]
[Round "1"]
[White "Holgado Otero, Oscar"]
[Black "Sanchez Ruesga, Hector"]
[Result "0-1"]
[WhiteElo "1632"]
[BlackElo "1989"]
[PlyCount "54"]
[EventDate "2013.04.19"]
[EventType "swiss"]
[EventRounds "8"]
[EventCountry "ESP"]
[SourceTitle "EXT 2024"]
[Source "ChessBase"]
[SourceDate "2023.10.10"]
[SourceVersion "1"]
[SourceVersionDate "2023.10.10"]
[SourceQuality "1"]

1. e4 c5 2. Nf3 Nc6 3. d4 cxd4 4. Nxd4 Qb6 5. Nb3 Nf6 6. Nc3 e6 7. Be3 Qc7 8. Be2 a6 9. 0-0 b5 10. f4 d6 11. Bf3 Bb7 12. a3 Be7 13. Nd4 Na5 14. e5 dxe5 15. Bxb7 Nxb7 16. fxe5 Qxe5 17. Bf4 Qc5 18. Kh1 0-0 19. Nf3 Nd6 20. Qe1 Nc4 21. Bg5 Nxb2 22. Bxf6 Bxf6 23. Ne4 Qe7 24. Nxf6+ Qxf6 25. Ne5 Qg5 26. Rf3 Nc4 27. h4 Qxe5 0-1

[Event "Gipuzkoa-ch U18"]
[Site "Donostia"]
[Date "2010.12.30"]
[Round "5.1"]
[White "Vicente Ezeiza, Mikel"]
[Black "Sanchez Ruesga, Hector"]
[Result "0-1"]
[WhiteElo "1622"]
[BlackElo "1849"]
[PlyCount "94"]
[EventDate "2010.12.22"]
[EventType "swiss"]
[EventRounds "5"]
[EventCountry "ESP"]
[SourceTitle "EXT 2024"]
[Source "ChessBase"]
[SourceDate "2023.10.10"]
[SourceVersion "1"]
[SourceVersionDate "2023.10.10"]
[SourceQuality "1"]

1. e4 c5 2. Nf3 Nc6 3. d4 cxd4 4. Nxd4 Qb6 5. Nb5 a6 6. Be3 Qa5+ 7. N5c3 e6 8. f4 Bc5 9. Qf3 Nd4 10. Bxd4 Bxd4 11. Kd2 Ne7 12. Bc4 b5 13. Bb3 Bb7 14. Qd3 Ba7 15. Ke2 Qb6 16. Rf1 0-0 17. Nd2 Rad8 18. Rad1 d5 19. e5 Nf5 20. Nf3 Qe3+ 21. Qxe3 Nxe3 22. Nd4 Nxf1 23. Kxf1 Bxd4 24. Rxd4 f6 25. Ke2 fxe5 26. fxe5 Rf5 27. Ke3 Rxe5+ 28. Kf4 Re1 29. Kg3 Rf8 30. a3 Re3+ 31. Kh4 Rf6 32. h3 Kf7 33. Rg4 Rh6+ 34. Kg5 Rg6+ 35. Kf4 Rxg4+ 36. Kxg4 d4 37. Nd1 Re2 38. g3 Rd2 39. c3 Kf6 40. cxd4 Rxd4+ 41. Kh5 Bf3+ 42. g4 Bxd1 43. Bxd1 Rxd1 44. g5+ Kf7 45. b4 Rd4 46. g6+ hxg6+ 47. Kg5 e5 0-1

[Event "Gipuzkoa-ch U18"]
[Site "Donostia"]
[Date "2010.12.28"]
[Round "3.1"]
[White "Garro Beraza, Julen"]
[Black "Sanchez Ruesga, Hector"]
[Result "0-1"]
[WhiteElo "1917"]
[BlackElo "1849"]
[PlyCount "56"]
[EventDate "2010.12.22"]
[EventType "swiss"]
[EventRounds "5"]
[EventCountry "ESP"]
[SourceTitle "EXT 2024"]
[Source "ChessBase"]
[SourceDate "2023.10.10"]
[SourceVersion "1"]
[SourceVersionDate "2023.10.10"]
[SourceQuality "1"]

1. e4 c5 2. Nf3 Nc6 3. Bb5 g6 4. Bxc6 bxc6 5. 0-0 Bg7 6. Re1 Nf6 7. c3 0-0 8. d4 cxd4 9. cxd4 d6 10. Nc3 c5 11. d5 Nd7 12. Bf4 c4 13. Qa4 Qb6 14. Qxc4 Ba6 15. Qc6 Nc5 16. Qxb6 axb6 17. Bd2 Nd3 18. Reb1 Rfc8 19. Nd1 Nc5 20. Nc3 b5 21. Be3 b4 22. Bxc5 Rxc5 23. Nd1 Rac8 24. a3 bxa3 25. Rxa3 Rc1 26. Nd2 Rxb1 27. Nxb1 Rc1 28. Nbc3 Be2 0-1

[Event "Gipuzkoa-ch U18"]
[Site "Donostia"]
[Date "2010.12.27"]
[Round "2.2"]
[White "Sanchez Ruesga, Hector"]
[Black "Sanchez Merino, Christian"]
[Result "1-0"]
[WhiteElo "1849"]
[BlackElo "1626"]
[PlyCount "53"]
[EventDate "2010.12.22"]
[EventType "swiss"]
[EventRounds "5"]
[EventCountry "ESP"]
[SourceTitle "EXT 2024"]
[Source "ChessBase"]
[SourceDate "2023.10.10"]
[SourceVersion "1"]
[SourceVersionDate "2023.10.10"]
[SourceQuality "1"]

1. d4 d6 2. Nf3 Nf6 3. g3 c5 4. dxc5 dxc5 5. Qxd8+ Kxd8 6. Bg2 Nc6 7. 0-0 h6 8. Nbd2 Be6 9. Nb3 Bxb3 10. axb3 g5 11. Rd1+ Kc7 12. c3 e6 13. h4 g4 14. Bf4+ Kb6 15. Ne5 Nxe5 16. Bxe5 Be7 17. Bxf6 Bxf6 18. Rd7 Rab8 19. Rxf7 Rhf8 20. Rh7 Rh8 21. Rd7 Rhd8 22. Rad1 h5 23. R1d6+ Ka5 24. Rxd8 Rxd8 25. Rxd8 Bxd8 26. Bxb7 c4 27. Bc8 1-0

[Event "Gipuzkoa Province-ch"]
[Site "Azkoitia"]
[Date "2010.10.30"]
[Round "3"]
[White "Sanchez Ruesga, Hector"]
[Black "Segovia Sanchez, Antonio"]
[Result "0-1"]
[WhiteElo "1874"]
[BlackElo "1983"]
[PlyCount "94"]
[EventDate "2010.10.16"]
[EventType "swiss"]
[EventRounds "7"]
[EventCountry "ESP"]
[SourceTitle "EXT 2014"]
[Source "ChessBase"]
[SourceDate "2013.11.20"]
[SourceVersion "1"]
[SourceVersionDate "2013.11.20"]
[SourceQuality "1"]

1. d4 Nf6 2. c4 e5 3. dxe5 Ng4 4. Bf4 Nc6 5. Nf3 Bb4+ 6. Nbd2 Qe7 7. a3 Bxd2+ 8. Bxd2 Ngxe5 9. Nxe5 Nxe5 10. e3 d6 11. Be2 0-0 12. 0-0 Re8 13. Re1 Bf5 14. Bc3 Be4 15. f3 Bc6 16. e4 Qe6 17. Qd4 Qg6 18. b4 b6 19. Ra2 f5 20. exf5 Qxf5 21. Bd1 Qg6 22. Rf2 Rf8 23. Ref1 Nd7 24. Bc2 Qh6 25. f4 Nf6 26. f5 Rae8 27. Bd2 Qh5 28. h3 Re7 29. Kh2 Be4 30. Bd1 Qf7 31. g4 h6 32. Rg1 Bc6 33. Rf4 Rfe8 34. Rgf1 Re4 35. Qd3 Qe7 36. h4 Rxf4 37. Bxf4 Ne4 38. Kh3 Qf6 39. Be3 Qe5 40. Bd4 Qe7 41. Bf3 d5 42. cxd5 Bxd5 43. Bxg7 Rd8 44. Bxe4 Bxe4 45. Qe2 Rd3+ 46. Kh2 Qd6+ 47. Kg1 Qg3+ 0-1

[Event "Gipuzkoa Province-ch"]
[Site "Azkoitia"]
[Date "2010.10.23"]
[Round "2"]
[White "Urretabizkaia Merino, Asier"]
[Black "Sanchez Ruesga, Hector"]
[Result "1-0"]
[WhiteElo "2097"]
[BlackElo "1874"]
[PlyCount "55"]
[EventDate "2010.10.16"]
[EventType "swiss"]
[EventRounds "7"]
[EventCountry "ESP"]
[SourceTitle "EXT 2014"]
[Source "ChessBase"]
[SourceDate "2013.11.20"]
[SourceVersion "1"]
[SourceVersionDate "2013.11.20"]
[SourceQuality "1"]

1. d4 Nf6 2. Bf4 d5 3. e3 e6 4. Nf3 Nbd7 5. Nbd2 Be7 6. Bd3 0-0 7. Ne5 c5 8. c3 b6 9. Qf3 Bb7 10. Qh3 c4 11. Bc2 Re8 12. Ndf3 Nxe5 13. Nxe5 b5 14. Ng4 g6 15. Nh6+ Kg7 16. Be5 Bd6 17. Qf3 Qe7 18. Bxd6 Qxd6 19. g4 Qe7 20. g5 Nh5 21. Rg1 Rf8 22. Qh3 Kh8 23. f4 Ng7 24. Ng4 Ne8 25. Qh4 Rg8 26. Rg3 f5 27. gxf6 Qd8 28. Qxh7+ 1-0

[Event "Gipuzkoa Province-ch"]
[Site "Azkoitia"]
[Date "2010.10.16"]
[Round "1"]
[White "Tejedor Txapartegi, Nabar"]
[Black "Sanchez Ruesga, Hector"]
[Result "0-1"]
[WhiteElo "1995"]
[BlackElo "1874"]
[PlyCount "100"]
[EventDate "2010.10.16"]
[EventType "swiss"]
[EventRounds "7"]
[EventCountry "ESP"]
[SourceTitle "EXT 2014"]
[Source "ChessBase"]
[SourceDate "2013.11.20"]
[SourceVersion "1"]
[SourceVersionDate "2013.11.20"]
[SourceQuality "1"]

1. d4 Nf6 2. c4 e6 3. Nf3 d5 4. cxd5 exd5 5. Bg5 Be7 6. Nc3 0-0 7. e3 Re8 8. Bd3 Bg4 9. Qc2 h6 10. Bf4 Bxf3 11. gxf3 Bd6 12. Bxd6 Qxd6 13. 0-0-0 Nc6 14. Qd2 a6 15. Rhg1 Kh8 16. Bb1 Nh5 17. Rg4 Nf6 18. Rh4 Ng8 19. Rg1 Rad8 20. Rhg4 g6 21. h4 h5 22. Rg5 Nce7 23. Qd3 f5 24. Ne2 Rf8 25. Nf4 Rf6 26. Bc2 Kh7 27. Qe2 Nh6 28. Nd3 Nf7 29. R5g2 Nh6 30. f4 Rc8 31. Kb1 a5 32. f3 b6 33. e4 dxe4 34. fxe4 fxe4 35. Qxe4 Nef5 36. Ne5 Rg8 37. Qe1 Rg7 38. Nf3 Ng4 39. Ng5+ Kh6 40. Re2 Nxd4 41. Re8 Rf8 42. Rxf8 Qxf8 43. Ne6 Nxc2 44. Qd2 Na3+ 45. Kc1 Nc4 46. Qd4 Qf6 47. Qxc4 Rd7 48. Re1 Qxh4 49. Qe4 Nf2 50. Nf8 Nxe4 0-1

[Event "Gipuzkoa-ch U18"]
[Site "Donostia"]
[Date "2009.12.30"]
[Round "6.3"]
[White "Sanchez Ruesga, Hector"]
[Black "Alcaide Rodriguez, Mikel"]
[Result "1-0"]
[WhiteElo "1852"]
[BlackElo "1786"]
[PlyCount "78"]
[EventDate "2009.12.22"]
[EventType "swiss"]
[EventRounds "5"]
[EventCountry "ESP"]
[SourceTitle "EXT 2024"]
[Source "ChessBase"]
[SourceDate "2023.10.10"]
[SourceVersion "1"]
[SourceVersionDate "2023.10.10"]
[SourceQuality "1"]

1. d4 Nf6 2. c4 e6 3. Nf3 d5 4. Nc3 Be7 5. Bf4 c6 6. e3 Nbd7 7. Bd3 0-0 8. 0-0 Re8 9. h3 b6 10. Rc1 Bb7 11. cxd5 exd5 12. Qa4 c5 13. Ba6 Qc8 14. Bxb7 Qxb7 15. Rfd1 Rac8 16. Ne5 Nf8 17. dxc5 bxc5 18. Qb5 Qxb5 19. Nxb5 a6 20. Na7 Rb8 21. Nec6 Rxb2 22. Rb1 Rxb1 23. Rxb1 Ne6 24. Nc8 Nxf4 25. N8xe7+ Kf8 26. exf4 Rxe7 27. Nxe7 Kxe7 28. Rb6 d4 29. Kf1 d3 30. Rb3 c4 31. Rb4 c3 32. Rc4 Nd5 33. Ke1 Ke6 34. g4 a5 35. a3 Kd6 36. f5 Ke5 37. f4+ Nxf4 38. Rxc3 Kd4 39. Kd2 Nxh3 1-0

[Event "Gipuzkoa-ch U18"]
[Site "Donostia"]
[Date "2009.12.22"]
[Round "2.1"]
[White "Garro Beraza, Julen"]
[Black "Sanchez Ruesga, Hector"]
[Result "1/2-1/2"]
[WhiteElo "1869"]
[BlackElo "1852"]
[PlyCount "83"]
[EventDate "2009.12.22"]
[EventType "swiss"]
[EventRounds "5"]
[EventCountry "ESP"]
[SourceTitle "EXT 2024"]
[Source "ChessBase"]
[SourceDate "2023.10.10"]
[SourceVersion "1"]
[SourceVersionDate "2023.10.10"]
[SourceQuality "1"]

1. e4 e5 2. Nf3 Nf6 3. Nxe5 d6 4. Nf3 Nxe4 5. Nc3 Nxc3 6. dxc3 Be7 7. Be3 Nc6 8. Qd2 Ne5 9. Be2 h6 10. 0-0-0 Be6 11. Nd4 Bc4 12. f4 Bxe2 13. Qxe2 Ng6 14. Nf5 0-0 15. Qg4 Kh7 16. h4 Bf6 17. h5 Ne7 18. Bd4 Bxd4 19. cxd4 Nxf5 20. Qxf5+ Kh8 21. Rde1 Kg8 22. Rh3 Re8 23. Rhe3 Rxe3 24. Rxe3 Qc8 25. Qd5 Kf8 26. f5 Rb8 27. g4 Qd8 28. Qe4 d5 29. Qf4 Rc8 30. Re5 c6 31. Qe3 Qg5 32. Qxg5 hxg5 33. Kd2 f6 34. Re3 Re8 35. Rxe8+ Kxe8 36. Kd3 Kd7 37. b3 Kd6 38. a4 a5 39. c3 b6 40. b4 axb4 41. cxb4 b5 42. axb5 1/2-1/2

[Event "Gipuzkoako-ch U16"]
[Site "Errenteria"]
[Date "2008.11.16"]
[Round "5.1"]
[White "Pedrera Busselo, Asier"]
[Black "Sanchez Ruesga, Hector"]
[Result "1/2-1/2"]
[WhiteElo "1690"]
[BlackElo "1746"]
[PlyCount "34"]
[EventDate "2008.10.19"]
[EventType "swiss"]
[EventRounds "5"]
[EventCountry "ESP"]
[SourceTitle "EXT 2024"]
[Source "ChessBase"]
[SourceDate "2023.10.10"]
[SourceVersion "1"]
[SourceVersionDate "2023.10.10"]
[SourceQuality "1"]

1. e4 d6 2. d4 Nf6 3. Nc3 g6 4. Nf3 Bg7 5. Be3 Nbd7 6. Be2 0-0 7. 0-0 e5 8. Qd2 exd4 9. Nxd4 Ne5 10. Bh6 d5 11. Bxg7 Kxg7 12. Nf3 Nxf3+ 13. Bxf3 dxe4 14. Qxd8 Rxd8 15. Nxe4 Nxe4 16. Bxe4 Be6 17. Rad1 c6 1/2-1/2

[Event "San Sebastian Nagusia op"]
[Site "San Sebastian"]
[Date "2008.11.01"]
[Round "2"]
[White "Sanchez Ruesga, Hector"]
[Black "Kuende Gorostidi, Jon"]
[Result "1-0"]
[WhiteElo "1783"]
[BlackElo "1826"]
[PlyCount "81"]
[EventDate "2008.10.25"]
[EventType "swiss"]
[EventRounds "7"]
[EventCountry "ESP"]
[SourceTitle "EXT 2011"]
[Source "ChessBase"]
[SourceDate "2010.11.26"]
[SourceVersion "1"]
[SourceVersionDate "2010.11.26"]
[SourceQuality "1"]

1. d4 Nf6 2. c4 b6 3. Nc3 Bb7 4. Bf4 e6 5. e3 Bb4 6. Nge2 h5 7. a3 Be7 8. Ng1 d6 9. Nf3 Ne4 10. Nxe4 Bxe4 11. h4 c6 12. Bd3 Bxf3 13. Qxf3 Bxh4 14. g3 g5 15. gxh4 gxf4 16. Qxf4 Na6 17. 0-0-0 Nc7 18. Rdg1 Rb8 19. Rg7 Rf8 20. Qf3 e5 21. Qxc6+ Ke7 22. dxe5 dxe5 23. Bf5 Qd6 24. Qxd6+ Kxd6 25. Rd1+ Ke7 26. Rh7 Ne6 27. Bxe6 Kxe6 28. Rxh5 Rh8 29. Rxh8 Rxh8 30. Rh1 e4 31. Kd2 Kf5 32. Ke2 Kg6 33. h5+ Kh6 34. Rh4 f5 35. f3 Kg5 36. Rh2 Rc8 37. b3 b5 38. h6 bxc4 39. h7 cxb3 40. h8Q Rc2+ 41. Kd1 1-0